[Event "Titled Tuesday intern op 20th Feb Late"]
[Site "Chess.com INT"]
[Date "2024.02.20"]
[Round "2"]
[White "Llorente Zaro, Alfonso"]
[Black "Van Baar, Esper"]
[Result "1-0"]
[WhiteElo "2433"]
[BlackElo "2208"]
[PlyCount "79"]
[EventDate "2024.02.20"]
[EventType "swiss (blitz)"]
[EventRounds "11"]
[EventCountry "USA"]
[SourceTitle "EXT 2025"]
[Source "ChessBase"]
[SourceDate "2024.10.14"]
[SourceVersion "1"]
[SourceVersionDate "2024.10.14"]
[SourceQuality "1"]

1. e4 c5 2. Nf3 d6 3. g3 Nf6 4. Qe2 g6 5. Bg2 Bg7 6. c3 e5 7. 0-0 Nc6 8. Na3 0-0 9. d3 Re8 10. Bg5 h6 11. Bxf6 Qxf6 12. Rfe1 Be6 13. Nd2 Qd8 14. Nf1 d5 15. Ne3 d4 16. Nd5 dxc3 17. bxc3 Ne7 18. Nxe7+ Qxe7 19. Nc2 Red8 20. Ne3 h5 21. Rab1 b6 22. Nd5 Bxd5 23. exd5 Qd6 24. a4 Rab8 25. Rb3 f5 26. Reb1 Kh7 27. Qa2 h4 28. a5 f4 29. axb6 Rxb6 30. g4 Rxb3 31. Rxb3 f3 32. Bxf3 h3 33. Qxa7 Rf8 34. Rb6 Ra8 35. Rxd6 Rxa7 36. Kf1 Ra1+ 37. Ke2 e4 38. Bxe4 Be5 39. Rxg6 Bxh2 40. Ra6+ 1-0

[Event "Titled Tuesday intern op 20th Feb Late"]
[Site "Chess.com INT"]
[Date "2024.02.20"]
[Round "1"]
[White "Rengifo Blancas, Renzo Jhonathan"]
[Black "Llorente Zaro, Alfonso"]
[Result "0-1"]
[WhiteElo "2124"]
[BlackElo "2433"]
[PlyCount "104"]
[EventDate "2024.02.20"]
[EventType "swiss (blitz)"]
[EventRounds "11"]
[EventCountry "USA"]
[SourceTitle "EXT 2025"]
[Source "ChessBase"]
[SourceDate "2024.10.14"]
[SourceVersion "1"]
[SourceVersionDate "2024.10.14"]
[SourceQuality "1"]

1. d4 b5 2. Nf3 Bb7 3. g3 Nf6 4. Bg2 e6 5. 0-0 c5 6. c3 Qb6 7. Re1 Be7 8. Nbd2 Ne4 9. Qc2 f5 10. a4 a6 11. Ne5 Nxd2 12. Bxb7 Qxb7 13. Bxd2 0-0 14. axb5 axb5 15. Rxa8 Qxa8 16. Qb3 Qb7 17. Ra1 Nc6 18. Nxc6 Qxc6 19. Be3 c4 20. Qa2 Rb8 21. Qa6 Kf7 22. Qxc6 dxc6 23. Ra6 Rc8 24. h4 Bd6 25. Ra7+ Rc7 26. Ra8 e5 27. Kg2 Ke6 28. dxe5 Bxe5 29. Bc5 Kd5 30. Bb6 Rb7 31. Rd8+ Bd6 32. Be3 Ke6 33. Bd4 c5 34. Be3 b4 35. h5 Be5 36. Re8+ Kd5 37. Rd8+ Kc6 38. Rc8+ Rc7 39. Rxc7+ Kxc7 40. Bd2 Kc6 41. Kf3 Kb5 42. e4 g6 43. g4 Ka4 44. exf5 gxf5 45. gxf5 Kb3 46. Ke4 Bf6 47. cxb4 cxb4 48. Kd5 Bxb2 49. Ke6 c3 50. f6 cxd2 51. f7 Bg7 52. h6 Bxh6 0-1